| 000 | 00844cam a22003013a 4500 | ||
|---|---|---|---|
| 001 | 26353 | ||
| 003 | PGUSA | ||
| 005 | 20140828083552.0 | ||
| 008 | 080818s2008||||xxu|||||s|||||000 | eng d | ||
| 040 |
_aPGUSA _beng |
||
| 042 | _adc | ||
| 050 | 4 | _aBF | |
| 050 | 4 | _aHV | |
| 100 | 1 |
_aBlanche, Émile, _d1820-1893 |
|
| 245 | 1 | 0 |
_aDes homicides commis par les aliénés _h[electronic resource] / _cÉmile Blanche |
| 260 |
_bProject Gutenberg, _c2008 |
||
| 506 | _aPublic domain in the USA. | ||
| 516 | _aElectronic text | ||
| 653 | _aPsychology, Pathological | ||
| 653 | _aViolent offenders | ||
| 653 | _aForensic psychiatry | ||
| 653 | _aDangerously mentally ill | ||
| 653 | _aHomicide | ||
| 653 | _aMentally ill offenders | ||
| 830 | 0 |
_aProject Gutenberg _v26353 |
|
| 856 | 4 | 0 | _uhttp://www.gutenberg.org/ebooks/26353 |
| 942 | _cEB | ||
| 999 |
_c255608 _d255608 |
||